Need for Speed City Names Quiz - Statistics

General Stats
  • This quiz has been taken 150 times
    62 since last reset
  • The average score is 5 of 12
Answer Stats
Game City name % Correct
NFS Most Wanted Rockport City
65%
NFS Heat Palm City
63%
NFS Most Wanted 2012 Fairhaven City
55%
NFS Carbon Palmont City
53%
NFS Underground 2 Bayview
51%
NFS Underground Olympic City
45%
NFS Unbound Lakeshore City
43%
NFS Undercover Tri City Bay
37%
NFS Hot Pursuit Seacrest County
35%
NFS Payback Fortune Valley
31%
NFS Rivals Redview County
29%
NFS 2015 Ventura Bay
27%
No matching quizzes found
Score Distribution
Percent of People with Each Score
Percentile by Number Answered
Your Score History
You have not taken this quiz since the last reset